| 000 | 02839cam a2200493 a 4500 | ||
|---|---|---|---|
| 001 | 14905324 | ||
| 003 | OSt | ||
| 005 | 20210419055334.0 | ||
| 008 | 070627s2008 nyua 001 0 eng | ||
| 010 | _a 2007026739 | ||
| 020 | _a9781596912830 | ||
| 020 | _a1596912839 | ||
| 035 | _a(OCoLC)ocn148729954 | ||
| 035 |
_a(OCoLC)148729954 _z(OCoLC)154782335 |
||
| 040 |
_aDLC _cDLC _dBAKER _dBTCTA _dYDXCP _dIK2 _dC#P _dBWX _dBUR _dIXA _dVP@ _dCHA _dCDX _dDLC |
||
| 041 | _aeng | ||
| 050 | 0 | 0 |
_aQP376 _b.A222 2008 |
| 080 |
_a616.8 _bA-11 |
||
| 082 | 0 | 0 |
_a612.8/2 _222 |
| 100 | 1 | _aAamodt, Sandra. | |
| 245 | 1 | 0 |
_aWelcome to your brain : _bwhy you lose your car keys but never forget how to drive and other puzzles of everyday life / _cSandra Aamodt and Sam Wang. |
| 250 | _a1st U.S. ed. | ||
| 260 |
_aNew York : _bBloomsbury : _bDistributed to the trade by Macmillan, _cc2008. |
||
| 300 |
_axx, 220 p. : _bill. ; _c25 cm. |
||
| 365 | _b24.95 usd | ||
| 500 | _aIncludes index. | ||
| 520 | _aWe use our brains at practically every moment of our lives, and yet few of us have the first idea how they work. Much of what we think we know comes from folklore: that we only use 10 percent of our brain, or that drinking kills brain cells. These and other myths are wrong, as shown by neuroscientists who have spent decades studying this complex organ. However, most of what they have learned is not known to the world outside their laboratories. Here, the authors dispel common myths about the brain and provide a comprehensive, useful overview of how it really works. You'll discover how to cope with jet lag, how your brain affects your religion, and how men's and women's brains differ. With accessible prose decorated by charts, trivia, quizzes, and illustrations, this book is suitable for quick reference or extended reading.--From publisher description. | ||
| 650 | 0 |
_aBrain _vPopular works. |
|
| 650 | 0 |
_aNeurophysiology _vPopular works. |
|
| 650 | 0 |
_aMedicine _969 |
|
| 650 | 0 |
_aNeurology _9100 |
|
| 653 | _aმედიცინა | ||
| 653 | _aნევროლოგია | ||
| 653 | _aთავის ტვინი | ||
| 653 | _aნეიროფიზიოლოგია | ||
| 700 | 1 |
_aWang, Sam, _d1967- |
|
| 856 | 4 | 1 |
_3Table of contents only _uhttp://www.loc.gov/catdir/toc/fy0904/2007026739.html |
| 856 | 4 | 2 |
_3Contributor biographical information _uhttp://www.loc.gov/catdir/enhancements/fy0743/2007026739-b.html |
| 856 | 4 | 2 |
_3Publisher description _uhttp://www.loc.gov/catdir/enhancements/fy0743/2007026739-d.html |
| 856 | 4 | 1 |
_3Sample text _uhttp://www.loc.gov/catdir/enhancements/fy0743/2007026739-s.html |
| 906 |
_a7 _bcbc _corignew _d1 _eecip _f20 _gy-gencatlg |
||
| 942 |
_2udc _cBK _e1 |
||
| 999 |
_c248 _d248 |
||